Medical tourism in India: (Record no. 16052)

MARC details
000 -LEADER
fixed length control field 00861nam a22002297a 4500
005 - DATE AND TIME OF LATEST TRANSACTION
control field 2008092903563.0
008 - FIXED-LENGTH DATA ELEMENTS--GENERAL INFORMATION
fixed length control field 080929t xxu||||| |||| 00| 0 eng d
010 ## - LCCN (DPL NO)
LC control number ENG-91075
020 ## - INTERNATIONAL STANDARD BOOK NUMBER
International Standard Book Number 9788184500851
Terms of availability 980.00
035 ## - SYSTEM CONTROL NUMBER
System control number EN-74608
037 ## - SOURCE OF ACQUISITION
Source of stock number/acquisition DBAD / PUB
040 ## - CATALOGING SOURCE
Original cataloging agency DPL
082 ## - DEWEY DECIMAL CLASSIFICATION NUMBER
Classification number 338.473621
100 ## - MAIN ENTRY--PERSONAL NAME
Personal name Kumar, R
245 ## - TITLE STATEMENT
Title Medical tourism in India:
Statement of responsibility, etc by R. Kumar; foreword by Raj Bahadur
Remainder of title management and promotion /
260 ## - PUBLICATION, DISTRIBUTION, ETC. (IMPRINT)
Place of publication, distribution, etc New Delhi
Name of publisher, distributor, etc Deep & Deep Publications
Date of publication, distribution, etc 2008
300 ## - PHYSICAL DESCRIPTION
Extent xix, 335p.
Dimensions 22cm.(Hb)
500 ## - GENERAL NOTE
General note Include bibliographical references and index
650 ## - SUBJECT ADDED ENTRY--TOPICAL TERM
Topical term or geographic name as entry element Medical tourism
Geographic subdivision India
942 ## - ADDED ENTRY ELEMENTS (KOHA)
Source of classification or shelving scheme Dewey Decimal Classification
Item type English Books
Call number suffix KUM
Classification part 338.473621
Holdings
Withdrawn status Lost status Source of classification or shelving scheme Damaged status Not for loan Home library Current library Date acquired Source of acquisition Cost, normal purchase price Total Checkouts Full call number Barcode Date last seen Cost, replacement price Koha item type
    Dewey Decimal Classification   Not For Loan D.B.Act.Division D.B.Act.Division 30/09/2008 DBAD / PUB 980.00   338.473621 KUM EN-74608 30/09/2008 980.00 English Books

© Delhi Public Library
Hit Counter
free hit counter